<?xml version="1.0" encoding="UTF-8"?>
<record
    xmlns:xsi="http://www.w3.org/2001/XMLSchema-instance"
    xsi:schemaLocation="http://www.loc.gov/MARC21/slim http://www.loc.gov/standards/marcxml/schema/MARC21slim.xsd"
    xmlns="http://www.loc.gov/MARC21/slim">

  <leader>01153cam a22002651  4500</leader>
  <controlfield tag="001">af 48005009 </controlfield>
  <controlfield tag="003">DLC</controlfield>
  <controlfield tag="005">20260227110911.0</controlfield>
  <controlfield tag="008">790319m19389999it            000 0 ita c</controlfield>
  <datafield tag="010" ind1=" " ind2=" ">
    <subfield code="a">af 48005009 </subfield>
  </datafield>
  <datafield tag="035" ind1=" " ind2=" ">
    <subfield code="a">(OCoLC)4755432</subfield>
  </datafield>
  <datafield tag="040" ind1=" " ind2=" ">
    <subfield code="a">California. Univ. Libr.</subfield>
    <subfield code="c">NAlU</subfield>
    <subfield code="d">DLC</subfield>
  </datafield>
  <datafield tag="042" ind1=" " ind2=" ">
    <subfield code="a">premarc</subfield>
  </datafield>
  <datafield tag="050" ind1="0" ind2="0">
    <subfield code="a">DG540.8.G8</subfield>
    <subfield code="b">A4</subfield>
  </datafield>
  <datafield tag="100" ind1="1" ind2=" ">
    <subfield code="a">Guicciardini, Francesco,</subfield>
    <subfield code="d">1483-1540.</subfield>
  </datafield>
  <datafield tag="240" ind1="0" ind2="0">
    <subfield code="a">Correspondence</subfield>
  </datafield>
  <datafield tag="245" ind1="0" ind2="0">
    <subfield code="a">Carteggi;</subfield>
    <subfield code="c">a cura di Roberto Palmarocchi.</subfield>
  </datafield>
  <datafield tag="260" ind1=" " ind2=" ">
    <subfield code="a">[Milano]</subfield>
    <subfield code="b">Istituto per gli studi di politica internazionale</subfield>
    <subfield code="c">[1938-</subfield>
  </datafield>
  <datafield tag="300" ind1=" " ind2=" ">
    <subfield code="a">v.</subfield>
    <subfield code="c">26 cm.</subfield>
  </datafield>
  <datafield tag="490" ind1="1" ind2=" ">
    <subfield code="a">Fonti per la storia d'Italia, pub. dall'Istituto storico italiano per l'et&#xE0; moderna e contemporanea,</subfield>
    <subfield code="v">v. 3, 5, 10, 15, 18, 24, 26, 28, 39, 63, 77, 82, 87, 99, 100, 110, 119</subfield>
  </datafield>
  <datafield tag="600" ind1="1" ind2="0">
    <subfield code="a">Guicciardini, Francesco,</subfield>
    <subfield code="d">1483-1540</subfield>
    <subfield code="v">Correspondence.</subfield>
  </datafield>
  <datafield tag="651" ind1=" " ind2="0">
    <subfield code="a">Italy</subfield>
    <subfield code="x">History</subfield>
    <subfield code="y">1492-1599</subfield>
    <subfield code="v">Sources.</subfield>
  </datafield>
  <datafield tag="700" ind1="1" ind2=" ">
    <subfield code="a">Palmarocchi, Roberto,</subfield>
    <subfield code="d">1887-</subfield>
    <subfield code="e">ed.</subfield>
  </datafield>
  <datafield tag="830" ind1=" " ind2="0">
    <subfield code="a">Fonti per la storia d'Italia pubblicate dall'Istituto storico italiano per l'et&#xE0; moderna e contemporanea ;</subfield>
    <subfield code="v">v. 3, 5, 10, 15, 18, 24, 26, 28, 39, 63, 77, 82, 87, 99, 100, 110, 119.</subfield>
  </datafield>
  <datafield tag="999" ind1=" " ind2=" ">
    <subfield code="c">6309</subfield>
    <subfield code="d">6309</subfield>
  </datafield>
</record>
